Music Quiz

Random Music or Clip Quiz

Every 2000s #1 Artist Blitz (Clips) Quiz Stats

 Plays Quiz Updated Mar 17, 2016

Support Sporcle.
Go Orange.
Score 0/84 Timer 10:00
1 Play Today
Artist % Correct
Beyoncé
90.4%
Eminem
90.2%
The Black Eyed Peas
82.5%
Katy Perry
82.3%
Jay-Z
81.6%
Justin Timberlake
81.3%
Rihanna
80.3%
Pink
79.6%
Coldplay
79.2%
Shakira
77.8%
50 Cent
76.8%
Nelly
76.7%
Lady Gaga
76.2%
Avril Lavigne
75.2%
Destiny's Child
74.5%
Christina Aguilera
73.7%
Nickelback
73.2%
Gwen Stefani
72.8%
Snoop Dogg
72.7%
OutKast
71.5%
Maroon 5
71.2%
James Blunt
70%
Kanye West
69.9%
Fergie
69.5%
Alicia Keys
68.2%
T.I.
67.7%
Britney Spears
67.2%
Leona Lewis
66.4%
Artist % Correct
'N Sync
65.5%
Usher
64.8%
Mariah Carey
64.3%
Plain White T's
63.1%
Flo Rida
61.9%
Jay Sean
61.6%
Nelly Furtado
61.4%
Shaggy
60.8%
Soulja Boy
59.4%
Madonna
58.4%
Owl City
58.3%
Akon
56.1%
Sean Kingston
55.6%
Chris Brown
55.5%
Kelly Clarkson
55.3%
Sean Paul
54.3%
Daniel Powter
51.3%
Jason Derulo
51.1%
Ne-Yo
49.5%
Creed
45.9%
Lil Wayne
44.4%
Chamillionaire
44.1%
Mary J. Blige
39.4%
Mýa
39.1%
Ciara
38.2%
Ludacris
38.1%
Aaliyah
37.9%
T-Pain
37%
Artist % Correct
Timbaland
36.6%
Janet Jackson
35.9%
Enrique Iglesias
35.1%
Lil' Kim
34.9%
Santana
34.1%
Mario
33.6%
Matchbox Twenty
33.2%
Ja Rule
32.8%
Carrie Underwood
31.1%
Ashanti
30.7%
Lonestar
28.6%
Crazy Town
28%
Savage Garden
24.4%
Jennifer Lopez
21.5%
P. Diddy
20.7%
MIMS
17.8%
B2K
15.5%
Vertical Horizon
15.2%
Twista
14.8%
Terror Squad
14.7%
D4L
13%
Fantasia
12.2%
Joe
10.9%
Juvenile
10.4%
Taylor Hicks
8.3%
Murphy Lee
6.9%
Sisqo
6.6%
Clay Aiken
6.1%

You're not logged in!

Compare scores with friends on all Sporcle quizzes.
OR
Log In

From the Vault

Star Wars Video Games

by Caltac

A long time ago, in a living room far, far away...
Remove Ads.
Support Sporcle.
Get the best of Sporcle when you Go Orange. This ad-free experience offers more features, more stats, and more fun while also helping to support Sporcle. Thank you for becoming a member.

Show Comments

Extras

Top Quizzes Today


Score Distribution

Your Account Isn't Verified!

In order to create a playlist on Sporcle, you need to verify the email address you used during registration. Go to your Sporcle Settings to finish the process.

Report this User

Report this user for behavior that violates our Community Guidelines.

Details: